000 00219 a2200097 4500
001 127434
040 _cEscola Canadense de Niteroi
245 1 0 _aGĂȘneros textuais [Banner]
650 4 _aLĂ­ngua Portuguesa
942 _cMATP
999 _c127434
_d127434